Structure interne de la Terre - Statistiques

Statistiques générales
  • Ce quiz a été pris 838 fois
  • Le résultat moyen est 6 sur 9
Réponses sur la Carte
Les réponses sont colorées sur une échelle allant du rouge au vert en fonction du pourcentage des utilisateurs qui les ont devinées à leur premier essai. Vous pouvez retrouver ces pourcentages ci-dessous.
 
Statistiques - réponses
Réponse % Correct
Ocean
85%
Noyau
83%
Noyau externe
82%
Croute
75%
Noyau interne
74%
Manteau
69%
Lithosphere
49%
Mesosphere
46%
Asthenosphere
33%
Aucun quiz correspondant
Distribution des résultats
% des personnes avec chaque résultat
Percentile par nombre de réponses
Votre historique - résultats
Vous n’avez pas pris ce quiz